Vista normal
Vista MARC
Entrada Materia (personas)
Número de registros utilizados en: 1
001 - CONTROL NUMBER
- control field: 102325
003 - CONTROL NUMBER IDENTIFIER
- control field: Co-BoUCM
005 - DATE AND TIME OF LATEST TRANSACTION
- control field: 20210212104529.0
008 - FIXED-LENGTH DATA ELEMENTS
- fixed length control field: 210212|| aca||aabn | a|a d
040 ## - CATALOGING SOURCE
- Original cataloging agency: Co-BoUCM
- Transcribing agency: Co-BoUCM
100 ## - HEADING--PERSONAL NAME
- Personal name: Carco, Francis
- Titles and other words associated with a name: Carcopino-Tusoli, François (seudonimo)
- Dates associated with a name: 1886-1958
670 ## - SOURCE DATA FOUND
- Source citation: Work cat.: (Co-BoUCM): Carco, Francis Carcopino-Tusoli, François (seudonimo) 1886-1958 , Palace Égipte. Roman, 1933